000 00331nam a2200145Ia 4500
008 230312s9999||||xx |||||||||||||| ||und||
020 _a8-6302-1028-1
082 _a720.19
_bCUR-C
100 _aa Cura di
245 0 _aCamera Work
260 _blopera fotografica
_c2009
300 _a139
650 _aArchitecture
942 _cBK
999 _c11641
_d11641